000 00504cam a2200145 4500500
005 20260111093854.0
041 _afre
042 _adc
100 1 0 _aMiossec, Alain
_eauthor
245 0 0 _aFred Constant et Jean-Christophe Gay (dir.) Atlas des Outre-mer Autrement, 96 pages, 24 €
260 _c2025.
500 _a22
786 0 _nLa Géographie | 1599 | 4 | 2025-12-08 | p. 52-52 | 1964-9002
856 4 1 _uhttps://shs.cairn.info/revue-la-geographie-2025-4-page-52?lang=fr&redirect-ssocas=7080
999 _c1627452
_d1627452